000 00614nam a2200169Ia 4500
008 110201s9999 xx 000 0 und d
082 _bB10155
_aS 1981
100 _aखांडेकर राजीव
245 _aहार्ट टू हार्ट : भाग 2
260 _bनवचैतन्य प्रकाशन
365 _b175
600 _aखांडेकर राजीव
630 _aहार्ट टू हार्ट : भाग 2
700 _aखांडेकर राजीव
730 _aहार्ट टू हार्ट : भाग 2
942 _cBOOK
999 _c835565
_d835562